|
|
|
|
| LEADER |
02772nam a2200721 a 4500 |
| 001 |
nkc20142573360 |
| 003 |
CZ PrNK |
| 005 |
20140623073735.0 |
| 007 |
ta |
| 008 |
140312s2014 xr e 000 1bcze |
| 015 |
|
|
|a cnb002573360
|
| 020 |
|
|
|a 978-80-7195-737-9
|q (brož.)
|
| 035 |
|
|
|a (OCoLC)883371371
|
| 040 |
|
|
|a ABA001
|b cze
|d BOA001
|
| 041 |
1 |
|
|a cze
|h eng
|
| 043 |
|
|
|a a-ii---
|
| 045 |
|
|
|a x1x9
|
| 072 |
|
7 |
|a 27
|x Křesťanství. Křesťanská církev všeobecně. Eklesiologie
|2 Konspekt
|9 5
|
| 072 |
|
7 |
|a 929
|x Biografie
|2 Konspekt
|9 8
|
| 080 |
|
|
|a 929
|2 MRF
|
| 080 |
|
|
|a 27-788-055.2
|2 MRF
|
| 080 |
|
|
|a 27-788.461-055.2
|2 MRF
|
| 080 |
|
|
|a 27-36-055.2
|2 MRF
|
| 080 |
|
|
|a 27-788-1/-9
|2 MRF
|
| 080 |
|
|
|a 27-423.79
|2 MRF
|
| 080 |
|
|
|a 27-46
|2 MRF
|
| 080 |
|
|
|a 27-762
|2 MRF
|
| 080 |
|
|
|a 27-662:3
|2 MRF
|
| 080 |
|
|
|a (540)
|2 MRF
|
| 080 |
|
|
|a (092)
|2 MRF
|
| 100 |
1 |
|
|a Stone, Elaine Murray,
|d 1922-2005
|7 ola2013750184
|4 aut
|
| 245 |
1 |
0 |
|a Dobrodružství Matky Terezy /
|c Elaine Murray Stoneová ; [z anglického originálu ... přeložil Jiří Gračka]
|
| 260 |
|
|
|a Kostelní Vydří :
|b Karmelitánské nakladatelství,
|c 2014
|
| 300 |
|
|
|a 109 s. ;
|c 19 cm
|
| 504 |
|
|
|a Obsahuje bibliografii a bibliografické odkazy
|
| 600 |
0 |
7 |
|a Tereza,
|c matka,
|d 1910-1997
|7 jn19981001824
|2 czenas
|
| 600 |
0 |
9 |
|a Teresa,
|c Mother,
|d 1910-1997
|2 eczenas
|
| 648 |
|
7 |
|a 20. století
|7 ch460558
|2 czenas
|
| 648 |
|
4 |
|a 1910-1997
|
| 650 |
0 |
7 |
|a řeholnice
|7 ph128281
|z Indie
|y 20. stol.
|2 czenas
|
| 650 |
0 |
7 |
|a misionářky lásky
|7 ph122905
|z Indie
|y 20. stol.
|2 czenas
|
| 650 |
0 |
7 |
|a křesťanské blahoslavené
|7 ph205766
|z Indie
|y 20. stol.
|2 czenas
|
| 650 |
0 |
7 |
|a řeholní život
|7 ph128285
|y 20. stol.
|2 czenas
|
| 650 |
0 |
7 |
|a křesťanská láska
|7 ph122100
|2 czenas
|
| 650 |
0 |
7 |
|a charitativní činnost
|7 ph135878
|z Indie
|y 20. stol.
|2 czenas
|
| 650 |
0 |
7 |
|a misijní činnost
|7 ph122902
|z Indie
|y 20. stol.
|2 czenas
|
| 650 |
0 |
7 |
|a křesťanství a společnost
|7 ph138510
|y 20. stol.
|2 czenas
|
| 650 |
0 |
9 |
|a nuns
|z India
|y 20th century
|2 eczenas
|
| 650 |
0 |
9 |
|a Missionaries of Charity
|z India
|y 20th century
|2 eczenas
|
| 650 |
0 |
9 |
|a Christian women blessed
|z India
|y 20th century
|2 eczenas
|
| 650 |
0 |
9 |
|a monastic life
|y 20th century
|2 eczenas
|
| 650 |
0 |
9 |
|a charity
|2 eczenas
|
| 650 |
0 |
9 |
|a charities
|z India
|y 20th century
|2 eczenas
|
| 650 |
0 |
9 |
|a mission activities
|z India
|y 20th century
|2 eczenas
|
| 650 |
0 |
9 |
|a Christianity and civilization
|y 20th century
|2 eczenas
|
| 655 |
|
7 |
|a biografie
|7 fd131909
|2 czenas
|
| 655 |
|
9 |
|a biography
|2 eczenas
|
| 765 |
0 |
|
|t Mother Teresa
|9 Česky
|
| 910 |
2 |
|
|a BOA001
|b 1-1326.048
|
| 990 |
|
|
|a BK
|
| 995 |
|
|
|a 01
|
| 991 |
|
|
|b 201406
|c NOV
|e n
|
| 996 |
6 |
|
|b 2610592519
|c 1-1326.048
|l MZK
|r Sklad / do 1 hodiny
|n 2
|p p.v.
|w 001425294
|u 000010
|a 1
|e BOA001
|j MZK50
|s P
|